000
00232nam a22000857a 4500
008
161102b xxu||||| |||| 00| 0 eng d
100
_9
1015
_a
Moore.P.
245
_a
Seary Ghosts Stories to Thrill you
260
_a
New Delhi
_b
MaanuGraph
_c
2012
999
_c
3675
_d
3675